=LDR 00000nam 2200000 4500 =001 INLIS000000000008600 =005 20200414113235 =035 ##$$a 0010-061300000008600 =008 200414################g##########0#ind## =041 ##$$a aInd =082 ##$$a 297.1 =090 ##$$a 297.1, Taf a =100 ##$$a Taffazani, Abul Wafa =245 1#$$a Apa sebab Al Quran tidak bertentangan dengan akal? /$c Dr. Abdul Wafa Taftazani, Syekh Muhammad Hafidh Sulaiman [ At.Al ]; Alih bahasa: Prof. A Hasjmy =260 ##$$a Jakarta :$b Bulan Bintang,$c 1976 =300 ##$$a 142 hlm ; $c 18 x 12 cm =650 #4$$a Agama Islam =850 ##$$a NBPNMAT =084 ##$$a 297.1 TAF a =020 ##$$a 979-418-141-2 =990 ##$$a DW00026687 =990 ##$$a 6.831 pro.92 =990 ##$$a 00042351